[Event "Aragon-chT Preferente Gr I"]
[Site "Aragon"]
[Date "2022.02.26"]
[Round "5.37"]
[White "Dominguez Luzon, Fernando"]
[Black "Sanjuan Segura, Ignacio"]
[Result "1-0"]
[WhiteElo "1940"]
[BlackElo "1681"]
[PlyCount "101"]
[EventDate "2022.01.29"]
[EventType "team-tourn"]
[EventRounds "9"]
[EventCountry "ESP"]
[SourceTitle "EXT 2024"]
[Source "ChessBase"]
[SourceDate "2023.10.10"]
[SourceVersion "1"]
[SourceVersionDate "2023.10.10"]
[SourceQuality "1"]
[WhiteTeam "Delicias II"]
[BlackTeam "Palacio de Pioneros IV"]
[WhiteTeamCountry "ESP"]
[BlackTeamCountry "ESP"]

1. e4 g6 2. d4 Bg7 3. Nf3 c6 4. Nc3 d5 5. Bd3 dxe4 6. Nxe4 Nd7 7. Qe2 Ndf6 8. c3 Nxe4 9. Bxe4 Nf6 10. Bc2 0-0 11. Ne5 Nd7 12. 0-0 Nxe5 13. dxe5 a5 14. Bg5 a4 15. Rfe1 Be6 16. b4 Qc7 17. a3 b5 18. f4 Rfd8 19. Rad1 Rxd1 20. Rxd1 Rd8 21. Rxd8+ Qxd8 22. Be4 Bc4 23. Qf3 Qd7 24. h3 f6 25. exf6 exf6 26. Bh4 Bd5 27. Bf2 f5 28. Bxd5+ cxd5 29. Bd4 Qe8 30. Qf1 Bxd4+ 31. cxd4 Qe3+ 32. Kh2 Qxd4 33. Qxb5 Qxf4+ 34. Kh1 d4 35. Qe8+ Kg7 36. Qe7+ Kh6 37. b5 d3 38. Qf8+ Kh5 39. g4+ Kh4 40. Qd8+ Qg5 41. Qxd3 Qc1+ 42. Kg2 Qb2+ 43. Kf3 Qb3 44. Ke3 f4+ 45. Ke2 Qxd3+ 46. Kxd3 Kg3 47. b6 f3 48. b7 f2 49. b8Q+ Kg2 50. Qb7+ Kg1 51. Qb6 1-0

[Event "Aragon-chT Preferente"]
[Site "Aragon"]
[Date "2021.03.20"]
[Round "2.42"]
[White "Caballero Ortin, Jorge"]
[Black "Dominguez Luzon, Fernando"]
[Result "1/2-1/2"]
[WhiteElo "1677"]
[BlackElo "1940"]
[PlyCount "48"]
[EventDate "2021.03.13"]
[EventType "team-tourn"]
[EventRounds "9"]
[EventCountry "ESP"]
[SourceTitle "EXT 2024"]
[Source "ChessBase"]
[SourceDate "2023.10.10"]
[SourceVersion "1"]
[SourceVersionDate "2023.10.10"]
[SourceQuality "1"]
[WhiteTeam "Palacio de Pioneros III"]
[BlackTeam "Delicias II"]
[WhiteTeamCountry "ESP"]
[BlackTeamCountry "ESP"]

1. e4 c5 2. Nf3 d6 3. Bb5+ Nd7 4. 0-0 a6 5. Bd3 Ngf6 6. c3 g6 7. Bc2 Bg7 8. Re1 0-0 9. d4 cxd4 10. cxd4 e5 11. Nc3 b5 12. Bg5 h6 13. Bh4 Bb7 14. dxe5 dxe5 15. Bb3 g5 16. Bg3 Re8 17. Bd5 Nxd5 18. Nxd5 Nb6 19. Nxb6 Qxb6 20. Qe2 Rad8 21. Rad1 Rxd1 22. Rxd1 Qg6 23. Nd2 Rd8 24. f3 Qd6 1/2-1/2

[Event "Aragon-chT Preferente B"]
[Site "Aragon"]
[Date "2013.03.23"]
[Round "9.63"]
[White "Dominguez Luzon, Fernando"]
[Black "Gimeno Diaz, Fernando"]
[Result "0-1"]
[WhiteElo "1992"]
[BlackElo "1891"]
[PlyCount "94"]
[EventDate "2013.01.26"]
[EventType "team"]
[EventRounds "9"]
[EventCountry "ESP"]
[SourceTitle "EXT 2014"]
[Source "ChessBase"]
[SourceDate "2013.11.20"]
[SourceVersion "1"]
[SourceVersionDate "2013.11.20"]
[SourceQuality "1"]
[WhiteTeam "Delicias CCOO II"]
[BlackTeam "Aragon ONCE II"]
[WhiteTeamCountry "ESP"]
[BlackTeamCountry "ESP"]

1. d4 Nf6 2. Nf3 g6 3. c4 Bg7 4. Nc3 0-0 5. e4 d6 6. Be2 e5 7. d5 c6 8. Bg5 h6 9. Bh4 Qa5 10. 0-0 g5 11. Bg3 cxd5 12. cxd5 Na6 13. a3 Bd7 14. Nd2 Rac8 15. b4 Qd8 16. Rc1 Qe7 17. Qb3 Nxe4 18. Ncxe4 f5 19. Nxd6 Qxd6 20. Nc4 Rxc4 21. Qxc4 f4 22. Bd3 fxg3 23. fxg3 Qb6+ 24. Kh1 Qd4 25. Qxd4 exd4 26. b5 Rxf1+ 27. Bxf1 Nb8 28. Rc7 Bf5 29. Rxb7 Be5 30. Rxa7 d3 31. Re7 d2 32. Be2 Nd7 33. g4 Bd3 34. Bd1 Bxb5 35. g3 Kf8 36. Re6 Bc4 37. Rxh6 Bxd5+ 38. Kg1 Nf6 39. h4 gxh4 40. gxh4 Ne4 41. Rh5 Bd4+ 42. Kh2 Bc4 43. Rh7 Nc3 44. Bc2 Bd3 45. Rd7 Be5+ 46. Kg1 Ne2+ 47. Kf1 Nd4+ 0-1

[Event "Aragon-chT Preferente B"]
[Site "Aragon"]
[Date "2013.02.02"]
[Round "2.62"]
[White "Planas Torrea, Alberto"]
[Black "Dominguez Luzon, Fernando"]
[Result "0-1"]
[WhiteElo "1940"]
[BlackElo "1992"]
[PlyCount "35"]
[EventDate "2013.01.26"]
[EventType "team"]
[EventRounds "9"]
[EventCountry "ESP"]
[SourceTitle "EXT 2014"]
[Source "ChessBase"]
[SourceDate "2013.11.20"]
[SourceVersion "1"]
[SourceVersionDate "2013.11.20"]
[SourceQuality "1"]
[WhiteTeam "Ejea"]
[BlackTeam "Delicias CCOO II"]
[WhiteTeamCountry "ESP"]
[BlackTeamCountry "ESP"]

1. e4 c5 2. Nf3 Nc6 3. d4 cxd4 4. Nxd4 Nf6 5. Nc3 d6 6. Be2 e5 7. Nb3 Be7 8. 0-0 0-0 9. Be3 a5 10. f4 a4 11. Nc1 exf4 12. Rxf4 Be6 13. Nd5 Bxd5 14. exd5 Ne5 15. Bb5 Qa5 16. c4 Nxd5 17. cxd5 Qxb5 18. Rf1 0-1

[Event "Aragon-chT Preferente-A"]
[Site "Spain"]
[Date "2011.04.02"]
[Round "9.4"]
[White "Artal Alegria, Francisco Javier"]
[Black "Dominguez Luzon, Fernando"]
[Result "1/2-1/2"]
[WhiteElo "1972"]
[BlackElo "2006"]
[PlyCount "75"]
[EventDate "2011.02.05"]
[EventType "team-tourn"]
[EventRounds "9"]
[EventCountry "ESP"]
[SourceTitle "EXT 2013"]
[Source "ChessBase"]
[SourceDate "2012.11.22"]
[SourceVersion "1"]
[SourceVersionDate "2012.11.22"]
[SourceQuality "1"]
[WhiteTeam "Las Fuentes"]
[BlackTeam "Delicias II"]
[WhiteTeamCountry "ESP"]
[BlackTeamCountry "ESP"]

1. d4 Nf6 2. Nf3 e6 3. e3 b6 4. Bd3 Bb7 5. Nbd2 d6 6. Qe2 Nbd7 7. e4 e5 8. c3 c5 9. 0-0 Be7 10. d5 0-0 11. Nc4 b5 12. Ne3 c4 13. Bc2 Nc5 14. Nf5 Bc8 15. Nxe7+ Qxe7 16. Ne1 h6 17. b3 cxb3 18. axb3 Bd7 19. b4 Na4 20. Bd2 Nb6 21. Bd3 Rfc8 22. Nc2 Qd8 23. Na3 a6 24. f3 Qc7 25. Rfc1 Nc4 26. Nxc4 bxc4 27. Bc2 a5 28. bxa5 Rxa5 29. Be3 Rca8 30. Rxa5 Rxa5 31. Rb1 Ra3 32. Bb6 Qc8 33. Qe1 Ra2 34. Qc1 Qa6 35. Rb2 Ra1 36. Rb1 Ra2 37. Rb2 Ra1 38. Rb1 1/2-1/2

[Event "Aragon-chT Preferente-A"]
[Site "Spain"]
[Date "2011.03.26"]
[Round "8.4"]
[White "Dominguez Luzon, Fernando"]
[Black "Anton Caturla, Sergio"]
[Result "1-0"]
[WhiteElo "2006"]
[BlackElo "1855"]
[PlyCount "75"]
[EventDate "2011.02.05"]
[EventType "team-tourn"]
[EventRounds "9"]
[EventCountry "ESP"]
[SourceTitle "EXT 2013"]
[Source "ChessBase"]
[SourceDate "2012.11.22"]
[SourceVersion "1"]
[SourceVersionDate "2012.11.22"]
[SourceQuality "1"]
[WhiteTeam "Delicias II"]
[BlackTeam "Escaque 65"]
[WhiteTeamCountry "ESP"]
[BlackTeamCountry "ESP"]

1. e4 e5 2. Nf3 Nc6 3. Bb5 a6 4. Ba4 b5 5. Bb3 Nf6 6. d4 exd4 7. e5 Ne4 8. 0-0 Be7 9. Nxd4 Nc5 10. Bd5 Bb7 11. Bf4 Nxd4 12. Bxb7 Nxb7 13. Qxd4 Nc5 14. Qd5 0-0 15. Nc3 c6 16. Qd2 f6 17. Rad1 fxe5 18. Bxe5 d5 19. Qd4 Ne6 20. Qg4 Qc8 21. f4 Bf6 22. Rde1 Nc5 23. Qg3 Qf5 24. a3 Ne4 25. Nxe4 dxe4 26. Bxf6 Rxf6 27. Rd1 Qc5+ 28. Kh1 Re8 29. Qb3+ Kh8 30. Rfe1 Rxf4 31. Re3 Qf5 32. h3 Rf2 33. Qc3 Qg5 34. Rg3 Qf6 35. Qc5 e3 36. Rxe3 Rf8 37. Ree1 Qxb2 38. Qxf2 1-0

[Event "Aragon-chT Preferente-A"]
[Site "Spain"]
[Date "2011.02.12"]
[Round "2.2"]
[White "Martin Catalan, Juan Vicente"]
[Black "Dominguez Luzon, Fernando"]
[Result "1-0"]
[WhiteElo "2095"]
[BlackElo "2006"]
[PlyCount "59"]
[EventDate "2011.02.05"]
[EventType "team-tourn"]
[EventRounds "9"]
[EventCountry "ESP"]
[SourceTitle "EXT 2013"]
[Source "ChessBase"]
[SourceDate "2012.11.22"]
[SourceVersion "1"]
[SourceVersionDate "2012.11.22"]
[SourceQuality "1"]
[WhiteTeam "Teruel"]
[BlackTeam "Delicias II"]
[WhiteTeamCountry "ESP"]
[BlackTeamCountry "ESP"]

1. c4 Nf6 2. Nc3 e6 3. d4 Bb4 4. Bf4 c5 5. e3 cxd4 6. exd4 0-0 7. Nf3 d5 8. Bd3 b6 9. 0-0 dxc4 10. Bxc4 Bb7 11. Ne5 Nc6 12. Nxc6 Bxc6 13. Qd3 Nd5 14. Bxd5 Bxd5 15. Ne4 Be7 16. Rfe1 Rc8 17. Be5 h6 18. Re3 Bxe4 19. Qxe4 Bf6 20. Rg3 Qe7 21. h4 Rfd8 22. h5 Rc4 23. Qe3 Bxe5 24. dxe5 Kf8 25. Rc1 Rcd4 26. Qb3 Qh4 27. Rgc3 Rd2 28. g3 Qxh5 29. Rc8 Qxe5 30. Qb4+ 1-0